006410000a220009700045001000025000002450112000253000031001375200341001686500025005097730009005341 aBelard, André Luiz10aRiquezas (re) descobertas: Impressôes e impulsos a partir do curso de extensâo sobre o tríduo pascal. ano.34 (May , 2011), p. 3-8 aEn octubre y noviembre de 2010, las facultades EST, realizaron un curso de extensión en tres módulos sobre un tríduo pascual. Este curso fue abierto para la comunidad en general, fue más direccionado a las personas interesadas en liturgia y más específicamente, para estudiantes de teología, ministros y ministras de IECLB14aESTUDIO - TEOLOGÍA0 tTEAR